01834nam a2200325Ia 450000500170000000800410001702000150005808200160007310000330008924500690012225000190019130000270021050400280023760000680026565000510033394200120038426400600039633600270045633700330048333800280051604000350054499900150057995201310059495201310072595201330085695201300098995201280111995201300124795201310137720220317000642.0160601s1996 ck g 000 0 spa  a958330437904a923.2bA49l1 aLora Peñaloza, José Luis10aAlzate Avendaño bvida y mensaje cJosé Luis Lora Peñaloza a1a. edición  a325 páginas c25 cm  aIncluye bibliografía 14aAlzate Avendaño, Gilbertod1910-1960xVida política 951913142LEMBaPolíticos colombianos vBiografías  2ddccBK aBogotá bFundación Gilberto Alzate Avendañoc1996 atextobtxt2rdacontent asin mediaciónbn2rdamedia avolumenbnc2rdacarrier aCO-BoRNBPbspaerdacCO-BoRNBP c4676d4676 00102ddc40708GENaMEDORADObMEDORADOcGENd2023-01-19l0o 923.2 A41lpDOR00993r2023-01-19 00:00:00tEj.1w2023-01-19yBK 00102ddc40708GENaMEPRICObMEPRICOcGENd2023-04-20l0o923.2 A41lpPR000001029r2023-04-20 00:00:00tEj.1w2023-04-20yBK 00102ddc40708GENaMEMAPIRIbMEMAPIRIcGENd2024-01-10l0o923.2 A49lpMAP00001568r2024-01-10 16:56:43tEj.1w2024-01-10yBK 00102ddc40708GENaMESMARTIbMESMARTIcGENd2024-03-12l0o923.2 A49lpSM03303r2024-03-12 21:29:13tEj.1w2024-03-12yBK 00102ddc40708GENaMECUMARAbMECUMARAcLITd2024-07-30l0o923.2A49lpCUM1363r2024-07-30 09:10:42tEj.1w2024-07-30yBK 00102ddc40708GENaMEPLOPEZbMEPLOPEZcGENd2025-08-30l0o923.2 A49lpPLZ03059r2025-08-30 16:02:51tEj.1w2025-08-30yBK 00102lcc40708GENaMEPCONCObMEPCONCOcGENd2026-03-04l0o923.2 A49lpPCON02523r2026-03-04 22:03:04tEj.1w2026-03-04yBK